[Event "Abu Dhabi Masters Online"]
[Site "chess.com INT"]
[Date "2025.08.18"]
[Round "3"]
[White "Maghsoodloo, Parham"]
[Black "Svane, R."]
[Result "1-0"]
[WhiteElo "2695"]
[BlackElo "2619"]
[PlyCount "113"]
[EventDate "2025.08.18"]

1. c4 e6 2. Nc3 d5 3. d4 a6 4. cxd5 exd5 5. Nf3 Nf6 6. Bg5 Be6 7. e3 Nbd7 8. h3 c6 9. Bd3 Bd6 10. Nd2 $146 ({RR} 10. Qc2 h6 11. Bf4 Qc7 12. Bxd6 Qxd6 13. O-O O-O 14. Rab1 a5 15. a3 Rfc8 16. b4 axb4 17. axb4 b5 18. Rb3 Nb6 19. Ne5 Nc4 20. Bxc4 dxc4 21. Rb2 Qe7 22. Ne4 Bf5 23. Nxf6+ Qxf6 24. e4 Be6 {Travadon,L (2431)-Plenca,J (2483) Chess.com INT 2020 0-1 (50)}) ({RR} 10. Bf4 Qb8 11. Bxd6 Qxd6 12. O-O O-O 13. Qc2 g6 14. Rfe1 a5 15. a3 Rfe8 16. Rac1 Rac8 17. Na4 Ne4 18. Bxe4 dxe4 19. Nd2 f5 20. Nc5 Nxc5 21. Qxc5 Qxc5 22. Rxc5 b6 23. Rc2 c5 24. dxc5 Rxc5 {Giri,A (2764)-Carlsen,M (2863) chess24.com INT 2020 0-1 (62)}) ({RR} 10. Bf4 Nf8 11. Qc2 Ng6 12. Bxd6 Qxd6 13. a3 O-O 14. O-O Rfe8 15. b4 Bd7 16. Rab1 Re7 17. a4 Rc8 18. Rfc1 Be8 19. Bf5 Bd7 20. Bd3 Be8 21. Bf5 Bd7 22. Bd3 {½-½ (22) Oparin,G (2664)-Andreikin,D (2729) chess.com INT 2024}) ({RR} 10. Qc2 h6 11. Bf4 Qc7 12. Bxd6 Qxd6 13. O-O O-O 14. b4 a5 15. b5 c5 16. dxc5 Nxc5 17. Nd4 Rac8 18. Qd2 Nfd7 19. Nf5 Qe5 20. Ne7+ Kh8 21. Nxc8 Rxc8 22. Rac1 Nxd3 23. Qxd3 Nc5 24. Qd4 Qxd4 {Fominykh,M (2186)-Charochkina,D (2340) Moscow RUS 2023 ½-½}) ({RR} 10. Bf4 Qc7 11. Bxd6 Qxd6 12. O-O O-O 13. Qc2 g6 14. a3 Rfe8 15. Rfc1 Nh5 16. Na4 Ng7 17. b4 Bf5 18. Nc5 Qc7 19. Rab1 Nb6 20. Nd2 Nc8 21. a4 Nd6 22. a5 Re7 23. Re1 Rae8 24. Rbc1 Ne6 {Unuk,L (2346)-Moroni,L (2562) Bassano del Grappa 2020 1-0 (67)}) 10... h6 11. Bf4 Qc7 12. Qf3 c5 13. Bxd6 Qxd6 14. dxc5 Nxc5 15. Bc2 d4 16. exd4 Qxd4 17. O-O-O Qb4 18. a3 Qb6 19. Qe3 O-O 20. Rhe1 Rac8 21. Kb1 Ncd7 22. Qxb6 Nxb6 23. Nde4 Nxe4 24. Bxe4 Rc7 25. Ne2 Rfc8 26. Nd4 Bc4 27. h4 Kf8 28. g4 Bd5 29. Bxd5 Nxd5 30. g5 hxg5 31. hxg5 g6 32. Rh1 Nf4 33. Rh4 Nh5 34. Nf3 Rc5 35. Rb4 b5 36. Rd6 a5 37. Rb3 a4 38. Rb4 Rc1+ 39. Ka2 Rh1 40. Rh4 Rf1 41. Nd2 Rxf2 42. Rb4 Rf5 43. Ne4 Rc1 44. Rd2 Nf4 45. Nc3 Nd3 46. Rxd3 Rff1 47. Nd1 Rcxd1 48. Rxd1 Rxd1 49. Rxb5 Rd4 50. Rb4 Rxb4 51. axb4 f5 52. gxf6 g5 53. b5 g4 54. b6 Kf7 55. b7 g3 56. b8=Q g2 57. Qb7+ 1-0

[Event "Quantbox Chennai GM 2025"]
[Site "Chennai IND"]
[Date "2025.08.13"]
[Round "7.5"]
[White "Robson, R."]
[Black "Nihal, Sarin"]
[Result "0-1"]
[WhiteElo "2687"]
[BlackElo "2692"]
[PlyCount "86"]
[EventDate "2025.08.07"]

1. d4 d5 2. c4 e6 3. Nc3 a6 4. cxd5 exd5 5. Nf3 Nc6 6. Bf4 Nf6 7. e3 Nh5 8. Bg5 Be7 9. Bxe7 Nxe7 10. Bd3 ({RR} 10. Be2 O-O 11. O-O Nf6 12. b4 Nf5 13. a4 Nd6 14. b5 axb5 15. axb5 Bg4 16. h3 Bxf3 17. Bxf3 c6 18. Qc2 g6 19. g3 Kg7 20. Kg2 Qe7 21. Rfc1 h5 22. bxc6 bxc6 23. Ne2 Nc4 24. Rxa8 Rxa8 {So,W (2753)-Nihal,S (2716) Kolkata IND 2026 ½-½ (78)}) 10... O-O $146 ({RR} 10... Nf6 11. Qc2 O-O 12. O-O g6 13. Ne5 Bf5 14. Bxf5 Nxf5 15. Qb3 Rb8 16. Rac1 c6 17. Na4 Nd6 18. Nc5 Re8 19. Qd1 a5 20. Qf3 Qe7 21. Rfd1 Rbd8 22. b3 Nfe4 23. Nxe4 Nxe4 24. h3 f6 25. Nd3 {Drygalov,S (2560)-Kourkoulos Arditis,S (2581) chess.com INT 2025 ½-½ (73)}) 11. h3 Nf6 12. Qc2 g6 13. g4 Qd6 14. Ne2 Bd7 15. Ng3 Bb5 16. g5 Nd7 17. h4 Rfe8 18. Kf1 Bxd3+ 19. Qxd3 c5 20. dxc5 Nxc5 21. Qa3 Qb6 22. Kg2 Ne4 23. Nxe4 dxe4 24. Nd4 Rad8 25. Qb3 Qa5 26. Qc4 Nf5 27. Nxf5 Qxf5 28. Qe2 Rd3 29. Rad1 Rc8 30. Rxd3 exd3 31. Qf3 Qd7 32. Rd1 d2 33. Qf4 b5 34. Qd4 Qxd4 35. exd4 Rc2 36. b4 Rxa2 37. Kf3 Rb2 38. Ke3 Rxb4 39. Rxd2 a5 40. d5 Kf8 41. Rc2 a4 42. Rc7 a3 43. d6 Ke8 0-1

[Event "98th ch-FRA 2025"]
[Site "Vichy FRA"]
[Date "2025.08.21"]
[Round "3.4"]
[White "Bacrot, E."]
[Black "Maurizzi, MarcAndria"]
[Result "1/2-1/2"]
[WhiteElo "2635"]
[BlackElo "2604"]
[PlyCount "138"]
[EventDate "2025.08.15"]
[EventType "k.o."]

1. d4 d5 2. c4 e6 3. Nc3 Be7 4. cxd5 exd5 5. Bf4 Nf6 6. e3 Bf5 7. Nge2 O-O 8. Ng3 Be6 9. Bd3 c5 10. dxc5 Bxc5 11. Rc1 Nc6 12. O-O d4 13. Nb5 Bb6 14. e4 Ng4 15. Nd6 Nge5 16. Ngf5 g6 17. Nxb7 Qf6 18. Bxe5 Nxe5 19. Nfd6 Qf4 20. g3 Qh6 21. Nc5 $146 ({RR} 21. f4 Bg4 22. Qb3 Nxd3 23. Qxd3 Be2 24. Qd2 Bxf1 25. Rxf1 Qh3 26. Rc1 Qd7 27. e5 Rac8 28. Nxc8 Rxc8 29. Nd6 d3+ 30. Kg2 Rxc1 31. Qxc1 Qg4 32. Qc4 Qe2+ {½-½ (32) Gulko,B (2576)-Shabalov,A (2606) Stillwater 2007}) 21... Bh3 22. f4 Bxf1 23. Bxf1 d3 24. Kg2 d2 25. Rc2 Rad8 26. fxe5 Qe3 27. b4 Rxd6 28. exd6 Bxc5 29. Rxd2 Qxe4+ 30. Qf3 Qxb4 31. Qd5 Bb6 32. d7 Kg7 33. Qe5+ f6 34. Qd5 Rd8 35. Bb5 Qb1 36. Bc4 Qg1+ 37. Kh3 Qe1 38. Rd1 Qe5 39. Qd3 Rb8 40. Bb3 Qh5+ 41. Kg2 Qc5 42. Qe2 Rd8 43. Rd5 Qc6 44. Qe7+ Kh6 45. Kh3 Qc3 46. Rd6 Qf3 47. Rxf6 Qh5+ 48. Kg2 Rxd7 49. Qf8+ Rg7 50. Rf4 Bc5 51. Qe8 Re7 52. Qf8+ Rg7 53. Qf6 Be7 54. Qd4 g5 55. Re4 Qe8 56. Qe3 Qd8 57. Re6+ Bf6 58. h4 Rg6 59. Bc2 Qd5+ 60. Kh2 Qxa2 61. Rxf6 Qxc2+ 62. Kh3 Qc8+ 63. g4 Kg7 64. Rf5 gxh4 65. Qxa7+ Kg8 66. Qa2+ Kh8 67. Qf2 Qc3+ 68. Kxh4 Rh6+ 69. Rh5 Qf6+ 1/2-1/2

[Event "Chessable Play-In Match"]
[Site "chess.com INT"]
[Date "2025.02.17"]
[Round "1.3"]
[White "Sadhwani, Raunak"]
[Black "Grischuk, A."]
[Result "0-1"]
[WhiteElo "2666"]
[BlackElo "2687"]
[PlyCount "66"]
[EventDate "2025.02.17"]

1. c4 e6 2. Nc3 d5 3. d4 Be7 4. cxd5 exd5 5. Bf4 Nf6 6. e3 Bf5 7. Nge2 O-O 8. Ng3 Be6 9. Bd3 c5 10. dxc5 Bxc5 11. O-O Nc6 12. Rc1 ({RR} 12. a3 d4 13. Na4 Be7 14. e4 Nd7 15. Nf5 Nde5 16. Nxe7+ Qxe7 17. Rc1 Rad8 18. Re1 b6 19. b4 Qf6 20. Bg3 Nxd3 21. Qxd3 Ne5 22. Bxe5 Qxe5 23. Nb2 Rc8 24. Rcd1 Rfd8 25. g3 Qf6 26. e5 Qf5 {Nakamura,H (2780)-Topalov,V (2749) Saint Louis 2017 0-1 (55)}) 12... Bd6 ({RR} 12... d4 13. Nb5 Bb6 14. e4 a6 15. Nd6 Qd7 16. Ngf5 g6 17. Bg5 Bd8 18. Nh6+ Kg7 19. Nc4 Bxc4 20. Rxc4 Nxe4 21. Bxd8 Raxd8 22. Bxe4 Kxh6 23. Bxc6 bxc6 24. Qc1+ Kg7 25. Rd1 d3 26. Qc3+ Kg8 27. Re4 {Duda,J (2739)-Keinanen,T (2495) chess.com INT 2026 0-1 (79)}) 13. Bxd6 Qxd6 14. Nb5 $146 ({RR} 14. h3 Rad8 15. Nge2 a6 16. Nd4 Nxd4 17. exd4 Qf4 18. Re1 Rfe8 19. Re3 h5 20. Qd2 Kh8 21. Bb1 h4 22. Rce1 g6 23. a3 Kg7 24. R3e2 Qxd2 25. Rxd2 Nd7 26. Rde2 Nb8 27. Ba2 Nc6 28. Rd2 Re7 {Moroni,L (2552)-Grischuk,A (2687) chess.com INT 2025 0-1 (62)}) ({RR} 14. Qa4 a6 15. Rfd1 Rfd8 16. a3 Rac8 17. Qh4 Ne5 18. h3 h6 19. Nh5 Nxh5 20. Qxh5 Nxd3 21. Rxd3 Qb6 22. Qe2 d4 23. Rxd4 Rxd4 24. exd4 Qxd4 25. Rd1 Qf4 26. Qd2 Qxd2 27. Rxd2 {½-½ (27) Touzane,O (2382)-Shchekachev,A (2503) Montpellier 2000}) 14... Qe5 15. Qd2 Rad8 16. Nd4 Nxd4 17. exd4 Qd6 18. f3 h6 19. Kh1 Rfe8 20. Ne2 Bd7 21. g4 Nh7 22. Nf4 Ng5 23. Kg2 Re7 24. h4 Ne6 25. Ne2 Rde8 26. f4 Nf8 27. f5 Re3 28. Nf4 Qf6 29. Qf2 Qxd4 30. Rcd1 Qe5 31. Kg1 Nh7 32. Ng2 Qg3 33. Qf4 Rxd3 0-1

[Event "Titled Tue 8th Apr Late"]
[Site "chess.com INT"]
[Date "2025.04.08"]
[Round "5"]
[White "Sevian, Samuel"]
[Black "Svane, R."]
[Result "1-0"]
[WhiteElo "2694"]
[BlackElo "2625"]
[PlyCount "157"]
[EventDate "2025.04.08"]

1. c4 e6 2. Nc3 d5 3. d4 h6 4. cxd5 exd5 5. Bf4 c6 6. e3 Bd6 7. Bg3 Nf6 8. Bd3 O-O 9. Nge2 Re8 10. Qc2 ({RR} 10. O-O Bg4 11. Qc2 b5 12. Rae1 Na6 13. a3 Nc7 14. f3 Bh5 15. Bxd6 Qxd6 16. Nf4 Ne6 17. Nxh5 Nxh5 18. Rc1 a6 19. Na2 Rac8 20. Bf5 c5 21. Bxe6 Qxe6 22. dxc5 Qxe3+ 23. Qf2 Nf4 24. Qxe3 Rxe3 {Rangel,D (2307)-Sydykov,B (2375) chess.com INT 2026 0-1 (71)}) 10... Bg4 $146 ({RR} 10... a5 11. O-O Na6 12. a3 Nc7 13. h3 Bxg3 14. Nxg3 Qd6 15. Nf5 Bxf5 16. Bxf5 Ne6 17. Na4 Ng5 18. Nc5 Re7 19. b4 g6 20. Bd3 Kg7 21. b5 Nge4 22. Bxe4 Nxe4 23. Nxe4 Rxe4 24. bxc6 bxc6 25. Rfc1 {Cogan,N (2112)-Gnechko,R (2104) chess.com INT 2024 0-1 (36)}) ({RR} 10... a5 11. Bxd6 Qxd6 12. h3 Na6 13. a3 Nc7 14. O-O b5 15. Ng3 b4 16. Na4 Ba6 17. Nc5 Bxd3 18. Qxd3 bxa3 19. bxa3 Rab8 20. Qd2 Ne6 21. Nxe6 Rxe6 22. Qxa5 Ne4 23. Nxe4 Rxe4 24. Rfb1 Rxb1+ 25. Rxb1 {Degtiarev,E (2384)-Bullen,A (2168) chess.com INT 2023 1-0 (35)}) 11. Nf4 Nh5 12. Nxh5 Bxh5 13. Qb3 b6 14. Rc1 Bxg3 15. hxg3 Bg4 16. Ne2 Qd6 17. Qc3 Rc8 18. Nf4 Nd7 19. O-O c5 20. dxc5 bxc5 21. Qc2 Qe5 22. b3 a5 23. Qc3 Be6 24. Bb5 Qd6 25. Rfd1 Nf6 26. Nd3 Qb6 27. a4 Ne4 28. Qe5 Nd6 29. Nf4 Nxb5 30. axb5 Rab8 31. Rc3 c4 32. bxc4 dxc4 33. Rb1 Rc5 34. Qd4 Rxb5 35. Rxb5 Qxb5 36. Nxe6 fxe6 37. Rxc4 Qd5 38. Qxd5 exd5 39. Rc5 Rb1+ 40. Kh2 Rb2 41. f3 Rb3 42. Rxa5 Rxe3 43. Rxd5 Kf7 44. Rd6 Re2 45. g4 Ra2 46. Kg3 Rb2 47. Rc6 Ra2 48. Rc1 Rb2 49. Rf1 Rb4 50. Rf2 Kf6 51. Re2 Ra4 52. f4 Ra3+ 53. Kh4 Ra4 54. Rf2 Ra1 55. Rf3 Rh1+ 56. Kg3 Ra1 57. Rb3 Ra4 58. Rb6+ Kf7 59. Rc6 Rb4 60. Rc5 Ra4 61. g5 hxg5 62. Rxg5 g6 63. Kg4 Kf6 64. Rc5 Ra2 65. Rc6+ Kf7 66. Kh3 Ra4 67. g3 Ra5 68. Kg4 Kg7 69. Re6 Kf7 70. Re5 Ra3 71. Kh4 Ra4 72. Kg5 Ra3 73. g4 Ra7 74. Kh6 Ra1 75. Rb5 Ra7 76. g5 Ra3 77. Rb7+ Kf8 78. Kxg6 Ra6+ 79. Kh5 1-0

[Event "Chessable Play-In Match"]
[Site "chess.com INT"]
[Date "2025.02.17"]
[Round "1.1"]
[White "Sadhwani, Raunak"]
[Black "Grischuk, A."]
[Result "1-0"]
[WhiteElo "2666"]
[BlackElo "2687"]
[PlyCount "105"]
[EventDate "2025.02.17"]

1. c4 e6 2. Nc3 d5 3. d4 Be7 4. cxd5 exd5 5. Bf4 Nf6 6. e3 Bf5 7. Qb3 Nc6 8. Nf3 O-O 9. Be2 Na5 10. Qd1 Nc4 11. Qc1 Nd6 $146 ({RR} 11... c6 12. O-O Nh5 13. Be5 f6 14. Bg3 Nxg3 15. hxg3 Nb6 16. Nh4 Bd7 17. Bd3 f5 18. Nf3 Bd6 19. Qc2 Qe7 20. Qb3 Be6 21. a4 Rab8 22. Qc2 a5 23. Ne2 g6 24. Nc1 Nd7 25. Nb3 Ra8 26. Rfc1 {Dao,T (2524)-Wang,Y (2734) Ha Long City 2009 0-1 (62)}) 12. O-O a5 13. Ne5 c6 14. h3 h6 15. a4 Re8 16. f3 Bh7 17. g4 Nd7 18. b3 Bg5 19. Qd2 f6 20. Nxd7 Qxd7 21. Bd3 Bxd3 22. Qxd3 Re6 23. Rae1 Rae8 24. Re2 Bxf4 25. exf4 Rxe2 26. Nxe2 Qe7 27. Kf2 f5 28. Ng3 Qf6 29. Qd2 g6 30. Kg2 Re6 31. Rf2 h5 32. g5 Qe7 33. Re2 Rxe2+ 34. Nxe2 Nf7 35. Nc1 b6 36. Nd3 Kg7 37. Kf2 Nd8 38. Qc3 Qd6 39. Ne5 Ne6 40. Qxc6 Qxc6 41. Nxc6 Nxf4 42. h4 Kf7 43. Na7 Ke6 44. Nb5 Nd3+ 45. Ke3 Nc1 46. Kd2 Na2 47. Kc2 Nb4+ 48. Kd2 Nc6 49. Ke3 Kd7 50. Nc3 Kd6 51. Ne2 Ke6 52. Nf4+ Kf7 53. Nxd5 1-0

[Event "Titled Tue 25th Feb Late"]
[Site "chess.com INT"]
[Date "2025.02.25"]
[Round "8"]
[White "Bluebaum, M."]
[Black "Sevian, Samuel"]
[Result "1/2-1/2"]
[WhiteElo "2643"]
[BlackElo "2692"]
[PlyCount "87"]
[EventDate "2025.02.25"]

1. d4 d5 2. c4 c6 3. Nf3 e6 4. Nc3 dxc4 5. e4 b5 6. Qc2 a6 7. Be2 Bb7 8. O-O Nf6 9. b3 cxb3 10. axb3 Be7 11. e5 Nd5 12. Nxd5 $146 ({RR} 12. Ne4 a5 13. Bg5 O-O 14. Bxe7 Qxe7 15. Neg5 g6 16. Ne4 Na6 17. Qd2 Nab4 18. Qh6 f6 19. exf6 Nxf6 20. Nc5 Bc8 21. Ne5 Nfd5 22. h4 Qg7 23. Qd2 Ra7 24. g3 Rd8 25. Rfd1 Ne7 26. Bg4 Nf5 {Bluebaum,M (2673)-Rustemov,A (2525) Chess.com INT 2022 ½-½ (43)}) 12... Qxd5 13. Bd3 c5 14. dxc5 Nd7 15. Rd1 Qxc5 16. Qe2 Rd8 17. Ba3 Bxf3 18. Qxf3 Nxe5 19. Bxc5 Nxf3+ 20. gxf3 Bxc5 21. Bxb5+ Ke7 22. Bxa6 Rxd1+ 23. Rxd1 Ra8 24. Be2 Ra2 25. Kf1 Rb2 26. Rd3 g5 27. h3 Kf6 28. Rc3 Bd4 29. Rc4 Ke5 30. b4 f5 31. b5 h5 32. Ra4 h4 33. Rc4 Rb1+ 34. Kg2 Rb3 35. Kf1 Rb2 36. Ra4 Bb6 37. Ra6 Bc5 38. Ra4 Bb6 39. Ra6 Bd4 40. Ra4 Rc2 41. Rc4 Ra2 42. Rc6 Rd2 43. Rc4 Rb2 44. Ra4 1/2-1/2

[Event "7th Prague Masters 2025"]
[Site "Prague CZE"]
[Date "2025.03.05"]
[Round "7.4"]
[White "Giri, A."]
[Black "Aravindh, Chithambaram VR."]
[Result "0-1"]
[WhiteElo "2728"]
[BlackElo "2729"]
[PlyCount "78"]
[EventDate "2025.02.26"]

1. d4 {Kapnisis,Spyridon} d5 2. c4 e6 3. Nc3 Be7 4. cxd5 exd5 5. Bf4 Nf6 6. e3 Bf5 7. Nf3 c6 8. Nh4 Bg4 ({RR} 8... Be4 9. Be2 Nbd7 ({RR} 9... h6 10. Nxe4 Nxe4 11. Nf5 Bb4+ 12. Kf1 g6 ({RR} 12... O-O 13. Bd3) 13. Ng3) 10. O-O ({RR} 10. f3 Bg6 11. Nxg6 hxg6 12. Bg3 O-O 13. O-O b5) 10... O-O 11. h3 ({RR} 11. f3 Bg6 12. Nxg6 hxg6 13. e4 c5 14. Kh1 cxd4 15. Qxd4 dxe4 16. Rad1 ({RR} 16. fxe4 Bc5 17. Qd3 Qe7)) 11... Re8 12. f3 Bg6 13. Nxg6 hxg6 14. e4 c5 15. Nb5 cxd4 16. Nc7 Bc5 17. Kh1 ({RR} 17. Bd3) 17... dxe4 18. Nxe8 Qxe8 19. fxe4 Ne5) ({RR} 8... Bg6 9. Nxg6 ({RR} 9. g4 Nbd7 10. Nxg6 hxg6 11. h4) 9... hxg6 10. h4 Bd6 11. Qf3) ({RR} 8... Be6 9. Bd3 Nbd7 10. h3) 9. Qc2 ({RR} 9. Be2 Bxe2 10. Qxe2 g6 11. Nf3 Nbd7 12. Bh6 Ng4 13. Bf4 Ngf6 14. O-O O-O 15. h3 Re8) 9... Nbd7 ({RR} 9... Nh5 10. h3 Be6 ({RR} 10... Bc8) 11. Nf3 Nxf4 12. exf4 g6 13. Bd3 Qd6 ({RR} 13... Bd6 14. g3) 14. g3 ({RR} 14. f5) 14... Nd7 15. Kf1 Nf6 16. Kg2 Kf8 17. Rae1 Re8 18. Re3 Bc8 19. Rhe1 Bd8 20. Ne5 Kg7 21. a3 Bb6 22. Ne2 c5 23. Qc3 cxd4 24. Nxd4 {Firouzja,A (2759)-Carlsen,M (2840) London ENG 2026 0-1 (46)}) ({RR} 9... Nh5 10. h3 Be6 11. Nf3 Nxf4 12. exf4 Bd6 13. g3 a5 14. Bd3 Na6 15. a3 h6 16. Kf1 O-O 17. Kg2 Bc8 18. Rae1 Nc7 19. Nd1 Ne6 20. Ne3 Re8 21. Ng4 Bd7 22. Nge5 Nf8 23. Re2 Qc7 24. Rhe1 {Giri,A (2745)-Tang,A (2505) chess.com INT 2024 1-0 (81)}) ({RR} 9... Nh5 10. h3 Be6 11. Nf3 Nxf4 12. exf4 g6 13. Bd3 Qd6 14. Ne2 Nd7 15. O-O Nf6 ({RR} 15... O-O-O 16. b4 Kb8 17. a4 Nb6) ({RR} 15... O-O 16. f5) 16. Ne5) ({RR} 9... g6 10. h3 Be6 11. Bd3 O-O 12. Nf3 Nbd7 13. O-O c5 14. dxc5 Nxc5 15. Nd4) 10. h3 Be6 11. Nf3 Ne4 $146 ({RR} 11... Nf8 12. Bd3 Ng6 13. Bh2 Bd6 ({RR} 13... Bd6 14. Ne5 ({RR} 14. O-O-O) 14... Bxe5 15. dxe5 Nd7 16. f4 Qh4+ 17. Qf2 Qxf2+ 18. Kxf2) ({RR} 13... O-O 14. O-O Bd6 15. Ne5 Nd7 16. f4 f5 17. Kh1) 14. Ne5 Ne7 15. f4 c5 16. f5 Bc8 17. Nb5 Bxe5 18. dxe5 Ne4 19. Bxe4 Qa5+ 20. Qc3 Qxb5 21. Bd3 c4 22. f6 cxd3 23. fxe7 Be6 24. O-O Rc8 25. Qa3 Qc5 26. Qxd3 {Melnikov,F (2338)-Rychagov,A (2546) Sochi RUS 2025 0-1 (61)}) ({RR} 11... O-O 12. Bd3 h6 13. O-O Rc8 14. Rfd1 Qa5 15. a3 Rfe8 16. b4 Qd8 17. Rac1 Nb6 18. Ne5 Bd6 19. Ne2 Ra8 20. Rb1 Nc8 21. b5 cxb5 22. Rxb5 Bxa3 23. Rxb7 Nd6 24. Nc6 Nxb7 25. Nxd8 Nxd8 26. Qa4 {Sarana,A (2683)-Fier,A (2572) chess.com INT 2026 1-0}) ({RR} 11... Nf8 12. Bd3 Ng6 13. Bh2 Nd7 14. O-O O-O 15. Rab1 ({RR} 15. Ne2) 15... Re8 ({RR} 15... a5 16. a3 Nb6 17. b4 ({RR} 17. Ne2 Bd6) 17... axb4 18. axb4 Nc4) 16. b4 ({RR} 16. Nd2 Ngf8 17. f4 ({RR} 17. b4) 17... f6 18. b4) 16... Nb6 17. a4 a6 ({RR} 17... Nc4 18. Bxc4 dxc4 19. Rfd1) 18. a5 ({RR} 18. b5 cxb5 19. axb5 a5) 18... Nc8 ({RR} 18... Nc4 19. Bxc4 dxc4 20. Na4) 19. Na4 ({RR} 19. b5 Qxa5 ({RR} 19... cxb5 20. Nxb5 axb5 21. Bc7 Qd7 22. Bxb5) ({RR} 19... axb5 20. Nxb5 Nd6 21. Nxd6 Bxd6 22. Bxd6 Qxd6 23. Rxb7 Rxa5 24. Rc1) 20. bxc6 bxc6 21. Na4) 19... Bd6 ({RR} 19... Nd6 20. Ne5) 20. Ne5 Nf8 21. Nc5 Rb8 22. Kh1 ({RR} 22. f4 f6 23. Bxa6 fxe5 ({RR} 23... Bxc5 24. bxc5 fxe5 25. f5 Bd7 26. dxe5) ({RR} 23... bxa6 24. Nxc6 Qc7 25. Nxa6) 24. Nxb7 Qc7 25. Nxd6 Nxd6 26. f5) 22... Na7 ({RR} 22... f6 23. Nxa6 ({RR} 23. Nf3 Bf7) 23... fxe5 24. Nxb8 e4 25. Be2 Bxh2 26. Kxh2 Qc7+ 27. Kg1 Qxb8 28. b5) 23. f4 f6 24. Nf3 Bf7 25. Rbe1 Nb5 26. g4 {Maghsoodloo,P (2701)-Adams,M (2698) Germany 2022 CBM 209 Extra [Kapnisis,Spyridon] 1-0 (39)} {RR} Bxc5 27. dxc5) ({RR} 11... O-O 12. Ng5) ({RR} 11... h6 12. Bd3 O-O 13. O-O Re8 14. a3) ({RR} 11... Nh5 12. Bd3 ({RR} 12. Bh2 g6 13. Bd3 O-O 14. O-O a5 ({RR} 14... Ng7 15. b4 Bxb4 16. Rfb1)) 12... Nxf4 13. exf4) 12. Bd3 f5 13. Bh2 O-O 14. O-O Kh8 15. Ne2 a5 16. Ne5 Nxe5 17. Bxe5 Bf6 18. f3 Nd6 19. g4 Qe7 20. Ng3 g6 21. Rae1 Bxe5 22. dxe5 Nf7 23. f4 Qh4 24. Kg2 Ng5 25. Rh1 d4 26. fxg5 dxe3 27. gxf5 gxf5 28. Rxe3 f4 29. Rf3 fxg3 30. Be4 Rxf3 31. Bxf3 Rf8 32. Qe4 Rf4 33. Qd3 Rxf3 34. Qd8+ Kg7 35. Kxf3 Bd5+ 36. Ke3 Qe4+ 37. Kd2 Qf4+ 38. Kc2 Qf5+ 39. Kd2 Bxh1 0-1

[Event "Bundesliga 2024-25"]
[Site "Baden Baden GER"]
[Date "2025.01.12"]
[Round "6.6"]
[White "Duda, J."]
[Black "Bluebaum, M."]
[Result "1/2-1/2"]
[WhiteElo "2732"]
[BlackElo "2640"]
[PlyCount "232"]
[EventDate "2024.10.05"]
[EventType "team"]
[WhiteTeam "SC Viernheim"]
[BlackTeam "Schachfreunde Deizisau"]

1. d4 {Tsesarsky,Ilya} d5 2. c4 e6 3. Nc3 Be7 ({RR} 3... Nf6 4. Bf4 c6 5. e3 Be7 6. Bd3 O-O 7. Nge2 c5 8. cxd5 exd5 9. O-O Nc6 10. Bc2 ({RR} 10. dxc5 Bxc5 11. Rc1)) 4. cxd5 exd5 5. Bf4 Nf6 6. e3 O-O 7. Bd3 c5 8. Nge2 Nc6 9. O-O Bg4 ({RR} 9... cxd4 10. exd4 Bg4 11. h3 ({RR} 11. f3 Be6 12. Qd2 Re8 13. Rad1) 11... Bh5) ({RR} 9... c4 10. Bb1 a6 11. Bg5 ({RR} 11. b3 b5 12. bxc4 bxc4 13. e4) 11... Ng4 ({RR} 11... Ne8 12. Bxe7 Nxe7 13. Nf4) 12. Bf4 Nf6 13. Ng3 b5 14. Nf5 b4 15. Na4 a5 16. Qf3 Bxf5 17. Bxf5 g6 18. Bc2 Nh5 19. Bh6 Ng7 20. Rfd1 Bg5 21. Bxg5 Qxg5 22. Nb6 Rad8 23. Nxc4 Nxd4 24. Rxd4) 10. dxc5 ({RR} 10. Qd2 Re8 11. Rad1 cxd4 12. exd4 Rc8 13. f3 Be6 14. g4) 10... Bxc5 11. h3 Bxe2 12. Qxe2 d4 13. Ne4 Nxe4 14. Bxe4 Qe7 ({RR} 14... dxe3 15. Qh5 ({RR} 15. fxe3) 15... exf2+ 16. Kh1 f5 17. Bxf5 g6 18. Bxg6 ({RR} 18. Be6+ Kh8 ({RR} 18... Kg7 19. Bh6+) 19. Qxc5 Rxf4 20. Rxf2 Rxf2 21. Qxf2 Qd4 22. Rf1 Rd8) 18... hxg6 19. Qxg6+ Kh8) 15. Bxc6 $146 ({RR} 15. exd4 Nxd4 16. Qd3 g6 17. Rae1 Ne6 18. Be5 ({RR} 18. Be3 Rad8 19. Qb5 Bxe3 20. Rxe3) 18... Rad8 19. Qf3 Bd4 20. Qg3 ({RR} 20. Bxd4 Nxd4 21. Qe3 Qd7) 20... Qb4 ({RR} 20... Bxe5 21. Qxe5 Rd2 22. Rd1 Rfd8 23. Rxd2 Rxd2 24. Qc3 Rd8 25. Re1 b6) 21. b3 Rfe8 ({RR} 21... Bxe5 22. Qxe5 Rfe8 23. Bf3 Rd2 24. Re4 Qb6 25. Re2) 22. Bxd4 Nxd4 23. Re3 Re7 ({RR} 23... b5 24. Rfe1 a5 25. Qg5 Rd6 26. Kh2 ({RR} 26. Bxg6 Qxe1+) 26... Rde6) 24. Qg5 Rde8 25. Bd5 Kg7 ({RR} 25... Rxe3 26. fxe3 Ne6 27. Qf6 Qe7 28. e4 Qxf6 29. Rxf6 Re7 30. Bxe6 fxe6 ({RR} 30... Rxe6 31. Rxe6 fxe6 32. Kf2 Kf7 33. Ke3 e5 34. Kd3 Ke6 ({RR} 34... b5 35. Kc3 a5 36. a4 bxa4 37. bxa4 Kf6 38. Kc4 Kg5 39. g3 h5 40. Kd5 h4 41. gxh4+ Kf4 42. h5 gxh5 43. h4) 35. Kc4 Kd6 36. Kb5) 31. e5 Kg7 32. Kh2 ({RR} 32. Kf2 Rf7 ({RR} 32... Rc7 33. Rxe6 Rc2+ 34. Kf3 Rxa2 35. Re7+ Kh6 36. Rxb7) 33. Rxf7+ Kxf7 34. Ke3 Ke7 35. Kd4 b6 36. Kc4 a6 37. a4 Kd7 38. a5 Kc6 39. axb6 Kxb6) 32... a5 33. Kg3 ({RR} 33. a4 h5 34. h4 b5 35. axb5 Rb7 36. Rxe6 Rxb5) 33... b5 34. Kf4 Rf7 ({RR} 34... a4 35. Ke4 axb3 36. axb3 Rc7 37. Rxe6 Rc3 38. Re7+ Kh6 ({RR} 38... Kg8 39. Rb7 Rxb3 40. Kd5 Rb2 41. g4 b4 42. e6 Rd2+ 43. Kc6 Rc2+ 44. Kd7 Rd2+ 45. Ke8 Rd4 46. e7) 39. Rb7 Rxb3 40. e6) 35. Rxf7+ Kxf7 36. Ke4 Ke7 37. Kd4) 26. Bc4 ({RR} 26. Kh1 h6 ({RR} 26... Ne6 27. Qe5+ f6 28. Qg3 Qd2 29. Bxe6 Rxe6 30. Qc7+ ({RR} 30. Rxe6 Rxe6 31. Qc7+ Kh6 32. Qf7 Re1 33. Qf8+ Kh5 34. Qc5+ f5 35. Rxe1 Qxe1+ 36. Kh2) 30... R8e7 31. Qxe7+ Rxe7 32. Rxe7+ Kh6 33. Rxb7 Qxa2)) 26... h6 27. Qd5 Nf5 {½-½ (27) Yakovich,Y (2575)-Bezgodov,A (2570) Perm 1997 CBM 058 [Tsesarsky,Ilya]}) 15... bxc6 16. Rfe1 Qf6 17. Qh5 Bb4 18. Red1 dxe3 19. Bxe3 Qxb2 20. Rab1 Qa3 21. Rb3 Qa5 22. Qg4 Be7 23. Bd4 Qg5 24. Qe4 Qh5 25. Re1 Bd6 26. Qxc6 Qg6 27. g3 a5 28. Re4 Rfc8 29. Qd5 Bf8 30. Rb6 Rc1+ 31. Kg2 Rd8 32. Qe5 f6 33. Qe6+ Qf7 34. Qxf7+ Kxf7 35. Rb7+ Kg8 36. Ra7 f5 37. Rf4 Rd5 38. Bb6 Rc2 39. Rxa5 Rxa5 40. Bxa5 Rxa2 41. Rxf5 Rc2 42. g4 Bc5 43. Bd8 h6 44. Bh4 Bd6 45. Rd5 Bf4 46. Be7 Be3 47. Rf5 Bd4 48. Bd6 Rc6 49. Rd5 Bf6 50. Bg3 Rc4 51. Kf3 Kf7 52. Rd7+ Ke6 53. Ra7 Rc3+ 54. Kg2 Rc4 55. Rb7 Ra4 56. Bb8 Ra2 57. Ba7 Rb2 58. Rc7 Rb5 59. Rc6+ Kf7 60. Bc5 Be7 61. Bd4 h5 62. Rc7 hxg4 63. hxg4 Ke6 64. f4 Bd6 65. f5+ Kd5 66. Rd7 Rb4 67. Bxg7 Rxg4+ 68. Kh3 Rg5 69. Bf8 Rxf5 70. Rxd6+ Ke5 71. Rd8 Rf1 72. Bd6+ Ke4 73. Kg4 Rd1 74. Re8+ Kd5 75. Kf5 Rh1 76. Bf4 Rh5+ 77. Bg5 Rh1 78. Rd8+ Kc4 79. Ke4 Re1+ 80. Be3 Rh1 81. Rc8+ Kb5 82. Bd4 Rh4+ 83. Kd5 Rh5+ 84. Be5 Rg5 85. Rb8+ Ka5 86. Rb1 Rh5 87. Kd4 Ka6 88. Bd6 Rb5 89. Rh1 Rg5 90. Kc4 Kb6 91. Rh6 Rg2 92. Be5+ Kb7 93. Kb5 Kc8 94. Rh7 Rd2 95. Kc6 Rd7 96. Rh8+ Rd8 97. Rh1 Rd7 98. Bd6 Rc7+ 99. Kd5 Rc2 100. Bc5 Kd7 101. Rh7+ Kd8 102. Kc6 Re2 103. Ra7 Ke8 104. Bd6 Re1 105. Kd5 Kd8 106. Be5 Rd1+ 107. Ke6 Rc1 108. Ra2 Rc6+ 109. Bd6 Rc1 110. Rh2 Kc8 111. Rb2 Kd8 112. Rb8+ Rc8 113. Rb1 Rc2 114. Bf4 Rc4 115. Rb8+ Rc8 116. Rxc8+ Kxc8 1/2-1/2